Imágenes de Descartes

Guardat en:
Dades bibliogràfiques
Autor principal: Valensin, Auguste (Autor)
Format: Llibre
Idioma:espanyol
Publicat: Madrid Taurus 1963
Edició:1a. ed
Col·lecció:Cuadernos Taurus, 5
Matèries:
Etiquetes: Afegir etiqueta
Sense etiquetes, Sigues el primer a etiquetar aquest registre!

MARC

LEADER 00000cam a2200000 a 4500
001 UCZ6074
003 CL-VaPUC
008 951201e19630000SP |||||||||||||||||spa|d
082 0 4 |a 194  |b VAL  |2 21 
100 0 |a Valensin, Auguste  |e author  |9 350285 
245 1 0 |a Imágenes de Descartes 
250 |a 1a. ed 
300 |a 49 p 
942 |c BK 
945 |d 19951201 00:00:00  |a lriquelm 
260 |a Madrid  |b Taurus  |c 1963 
650 0 |a Filosofía francesa   |9 255698 
650 0 |a Filósofos franceses  |9 314621 
650 0 |a Filosofía de las ciencias  |9 256466 
650 0 |a Teoría del conocimiento   |9 255038 
583 |a last modification  |c 20170118 12:25:00  |k Rodrigo Vera 
490 0 |a Cuadernos Taurus, 5 
999 |c 242333  |d 242331 
952 |0 0  |1 0  |4 0  |6 194_000000000000000_VAL_1963  |7 0  |8 A  |9 255195  |a BIBEDU  |b BIBEDU  |d 2019-11-19  |i 160080K  |o 194 VAL 1963  |p 160080K  |r 2019-11-19  |w 2019-11-19  |y BK  |k FIL 
952 |0 0  |1 0  |3 erb  |4 0  |6 194_000000000000000_VAL_1963  |7 0  |8 A  |9 255196  |a BIBEDU  |b BIBEDU  |i 5360765  |l 1  |o 194 VAL 1963  |p 5360765  |r 2023-08-16  |s 2023-08-07  |w 2019-11-19  |y BK  |z Catalogado en:20170119  |k EPE